000 00494nam a2200193Ia 4500
005 20250423094313.0
008 250422s9999 xx 000 0 und d
020 _a9780323057110
050 _aRD 37.2 .H37/
100 _a Harken H. Alden
245 0 _aAbernathy's surgical secrets.
250 _a6th ed.
260 _aPhiladelphia
260 _bHanley & Belfus ; St. Louis : Mosby
260 _c2009
300 _a312 p
650 _aSurgery--Examinations, questions
942 _cBK
999 _c26853
_d26853